| 000 | 00896cam a22002414a 4500 | ||
|---|---|---|---|
| 003 | PILC | ||
| 005 | 20150907133955.0 | ||
| 008 | 131004s 000 0 eng d | ||
| 020 | _a9781285115382 | ||
| 050 | 0 | 0 |
_aQA 76.9.M65 _b.B858 2012 |
| 100 | 1 |
_aBrinkman, William John, _cII. |
|
| 245 | 1 | 0 |
_aComputer ethics / _cWilliam 'Bo' John Brinkman, II, Alton 'Al' F. Sanders. |
| 250 | _aPhilippine edition. | ||
| 260 |
_aPasig City, Philippines : _bCengage Learning Asia, _c2014. |
||
| 300 |
_axiv, 274 pages ; _c23 cm. + _b1 CD. |
||
| 500 | _aReprint. Originally published: Andover : Cengage Learning, c2012. | ||
| 521 | _aInformation Technology | ||
| 650 | 0 |
_aComputers _xMoral and ethical aspects. |
|
| 650 | 0 |
_aElectronic data processing _xMoral and ethical aspects. |
|
| 650 | 0 |
_aComputer programming _xMoral and ethical aspects. |
|
| 700 | 1 | _aSanders, Alton F. | |
| 942 |
_2lcc _cBK _kFOR |
||
| 999 |
_c275892 _d275892 |
||